Discriminación en el trabajo en razón de la orientación sexual en el ordenamiento italiano (Record no. 205616)
[ view plain ]
| 000 -CABECERA | |
|---|---|
| campo de control de longitud fija | 01858nab a2200277 a 4500 |
| 005 - FECHA Y HORA DE LA ÚLTIMA TRANSACCIÓN | |
| campo de control | 20260217062531.0 |
| 008 - ELEMENTOS DE LONGITUD FIJA--INFORMACIÓN GENERAL | |
| campo de control de longitud fija | 991125c2019 sp fr p o 000 0 spa d |
| 035 ## - NÚMERO DE CONTROL DEL SISTEMA | |
| Número de control de sistema | UPN01000233521 |
| 040 ## - FUENTE DE LA CATALOGACIÓN | |
| Centro catalogador/agencia de origen | MX-MxUPN |
| Lengua de catalogación | spa |
| Centro/agencia transcriptor | MX-MxUPN |
| Normas de descripción | aacr2 |
| 049 ## - COLECCIÓN | |
| Colección | ART-E |
| 100 1# - ASIENTO PRINCIPAL--NOMBRE PERSONAL | |
| Nombre de persona | Ferluga, Loredana |
| Enlace | - lferluga@unime.it |
| 245 10 - MENCIÓN DE TÍTULO | |
| Título | Discriminación en el trabajo en razón de la orientación sexual en el ordenamiento italiano |
| Medio | [recurso electrónico en línea] |
| 506 0# - NOTA DE RESTRICCIONES AL ACCESO | |
| Limitaciones de acceso | Acceso abierto |
| 520 3# - NOTA DE RESUMEN, ETC. | |
| Sumario, etc. | En este artículo se ofrece un marco relativo a la protección de los trabajadores homosexuales en el ámbito comunitario e italiano, poniendo de relieve que la realización del principio de igualdad entre trabajadores se traduce en el problema de la efectividad de las normas. A este respecto, el legislador ha conseguido resultados significativos en términos de igualdad. Sin embargo, podrían lograrse resultados más significativos, tanto en relación con el acceso al mundo laboral como a otros aspectos de la relación laboral, mediante la creación de organismos específicos, la adopción de medidas positivas y el papel que las organizaciones sindicales pueden desempañar, con el fin de reducir las diferencias respecto de los grupos víctimas de tratos discriminatorios. |
| 650 #4 - ASIENTO SECUNDARIO DE MATERIA - TERMINO TEMATICO | |
| Término de materia o nombre geográfico como elemento de entrada | Orientación sexual |
| 9 (RLIN) | 26802 |
| 650 #4 - ASIENTO SECUNDARIO DE MATERIA - TERMINO TEMATICO | |
| Término de materia o nombre geográfico como elemento de entrada | Discriminación |
| 9 (RLIN) | 21028 |
| 653 0# - TERMINO DE INDIZACION - NO CONTROLADO | |
| Término no controlado | Protección de los trabajadores |
| 653 0# - TERMINO DE INDIZACION - NO CONTROLADO | |
| Término no controlado | Régimen probatorio |
| 653 05 - TERMINO DE INDIZACION - NO CONTROLADO | |
| Término no controlado | Italia |
| 773 ## - ENLACE AL DOCUMENTO FUENTE/ENTRADA DE REGISTRO ANFITRIÓN | |
| Parte(s) relacionada(s) | Vol. 4, no. 2 (2019), p. 177-190 |
| Título | Femeris : revista multidisciplinaria de estudios de género |
| Número Internacional Normalizado para Publicaciones Seriadas | 2530-2442 |
| 856 40 - LOCALIZACIÓN Y ACCESO ELECTRÓNICOS | |
| Identificador Uniforme del Recurso | <a href="https://e-revistas.uc3m.es/index.php/FEMERIS/article/view/4770/3219">https://e-revistas.uc3m.es/index.php/FEMERIS/article/view/4770/3219</a> |
| 856 40 - LOCALIZACIÓN Y ACCESO ELECTRÓNICOS | |
| Identificador Uniforme del Recurso | <a href="https://doi.org/10.20318/femeris.2019.4770">https://doi.org/10.20318/femeris.2019.4770</a> |
| Nota pública | Consultar articulo completo |
| 902 ## - ELEMENTOS DE DATOS B LOCAL, LDB (RLIN) | |
| Creó | GloriaJiménez/031122 |
| Modificó | GloriaJiménez/031122 |
| 905 ## - TIPO DE MATERIAL | |
| Tipo de material | Articulo |
| 942 ## - ELEMENTOS DE PUNTO DE ACCESO ADICIONAL (KOHA) | |
| Tipo de ítem Koha | Artículo Electrónico |
| Estado de retiro | Estado de pérdida | Estado dañado | No para préstamo | Código de colección | Localización permanente | Ubicación/localización actual | Ubicación en estantería | Fecha de adquisición | Total de préstamos | Fecha visto por última vez | Identificador Uniforme del Recurso | Precio válido a partir de | Tipo de ítem Koha |
|---|---|---|---|---|---|---|---|---|---|---|---|---|---|
| Acceso abierto | Bib. Gregorio Torres Quintero | Bib. Gregorio Torres Quintero | En línea | 03/11/2022 | 03/11/2022 | https://doi.org/10.20318/femeris.2019.4770 | 03/11/2022 | Artículo Electrónico |
